काळसर्प (Record no. 416204)

MARC details
000 -LEADER
fixed length control field 00405nam a2200145Ia 4500
008 - FIXED-LENGTH DATA ELEMENTS--GENERAL INFORMATION
fixed length control field 100122s9999 xx 000 0 und d
082 ## - DEWEY DECIMAL CLASSIFICATION NUMBER
Item number 31680
Classification number 822
100 ## - MAIN ENTRY--PERSONAL NAME
Personal name बोरकर कमलाकर
245 ## - TITLE STATEMENT
Title काळसर्प
260 ## - PUBLICATION, DISTRIBUTION, ETC. (IMPRINT)
Name of publisher, distributor, etc त्रिदल प्रकाशन
Date of publication, distribution, etc 1981
300 ## - PHYSICAL DESCRIPTION
Extent 67
630 ## - SUBJECT ADDED ENTRY--UNIFORM TITLE
Uniform title काळसर्प
730 ## - ADDED ENTRY--UNIFORM TITLE
Uniform title काळसर्प
942 ## - ADDED ENTRY ELEMENTS (KOHA)
Koha item type Book
Holdings
Withdrawn status Lost status Damaged status Not for loan Home library Current library Date acquired Cost, normal purchase price Total Checkouts Full call number Barcode Date last seen Cost, replacement price Price effective from Koha item type Public note
        S.V. Pathak Library, Vile Parle S.V. Pathak Library, Vile Parle 11/21/1981 6.00   31680 SVPPARLE-31680 01/25/2010 6.00 01/25/2010 Book General NA